000 00678nam a22002177a 4500
003 UA-OsUOA
001 115495
007 ta
008 20151223b un ||||| |||| 00| 0 ukr d
100 _aГапонюк М.
090 _a330(477)
_bГ19
942 _cSA
040 _aUA-OsUOA
_bukr
_cUA-OsUOA
_dUA-OsUOA
245 _aТенденції вітчизняної банківської ситеми та розвиток корпоративного сектору в Україні
300 _aС.3-7
955 _a0
041 _aukr
080 _a330(477)
773 0 _w115494
_tЕкономіст
_dК.
_d2015
_g11
650 7 _a330 Економіка взагалі
_2UDC
999 _c402121
_d402121